000 00469nam a22001697a 4500
005 20260416115558.0
008 260416b |||||||| |||| 00| 0 eng d
020 _a9789811676239
050 _aQA76.9.A25
_b.M85
100 _aSENCAR HUSREV TAHA
245 _aMultimedia Forensics
260 _aCham
_bSPRINGER
_c2022
300 _aXII,490p.
650 _aDigital forensics
_vCryptography
_xComputer Security
700 _aLuisa Verdoliva, and Nasir Memon.
942 _cBK
999 _c4648
_d4648